Thao thức Tiểu thuyết
Na minha lista:
| Autor principal: | |
|---|---|
| Formato: | Livro |
| Tags: |
Adicionar Tag
Sem tags, seja o primeiro a adicionar uma tag!
|
| Thư viện lưu trữ: | Mạng thư viện Đại học Đà Nẵng |
|---|
| LEADER | 00731nam a2200217 4500 | ||
|---|---|---|---|
| 001 | 000004508 | ||
| 003 | 647 | ||
| 005 | 20150812140804.0 | ||
| 008 | 110721s sd | ||
| 100 | 0 | |a Krôn, Alêchxanđrô | |
| 245 | 0 | 0 | |a Thao thức |b Tiểu thuyết |c Krôn, Alêchxanđrô |
| 774 | |a Krôn, Alêchxanđrô |d Tác Phẩm Mới |d H. |d 1983 |g T. 1 |h 322 tr |n Dịch từ bản tiếng Nga |w 648 | ||
| 774 | |a Krôn, Alêchxanđrô |d Tác Phẩm Mới |d H. |d 1983 |g T. 2 |h 248 tr |n Dịch từ bản tiếng Nga |w 649 | ||
| OWN | |a LSP | ||
| 999 | |a From the UDN01 | ||
| TYP | |a Monograph | ||
| TYP | |a Printed language | ||
| 980 | |a Mạng thư viện Đại học Đà Nẵng | ||